Worked Examples in Data Response Questions for A Level Economics. (Record no. 450)

MARC details
005 - DATE AND TIME OF LATEST TRANSACTION
control field 20250621090341.0
020 ## - INTERNATIONAL STANDARD BOOK NUMBER
International Standard Book Number 0 435 84892 5
082 ## - DEWEY DECIMAL CLASSIFICATION NUMBER
Classification number 330.076 WAT
100 ## - MAIN ENTRY--PERSONAL NAME
Author name WATTS, M.
245 ## - TITLE STATEMENT
Title Worked Examples in Data Response Questions for A Level Economics.
260 ## - PUBLICATION, DISTRIBUTION, ETC.
Place of publication, distribution, etc. London,
Name of publisher, distributor, etc. Heinemann Educational Books,
Date of publication, distribution, etc. 1977.
300 ## - PHYSICAL DESCRIPTION
Extent 108p.: ill.; table.
Other physical details Index.
Dimensions 22cm.
700 ## - ADDED ENTRY--PERSONAL NAME
Other authors/Editors GLEW, M.
942 ## - ADDED ENTRY ELEMENTS (KOHA)
Source of classification or shelving scheme Dewey Decimal Classification
Koha item type Books
Holdings
Date last seen Total checkouts Full call number Barcode Cost, replacement price Price effective from Koha item type Lost status Source of classification or shelving scheme Damaged status Not for loan Withdrawn status Home library Current library Shelving location Date acquired Cost, normal purchase price
03/12/2025   330.076 WAT 0000001793 30000.00 03/12/2025 Books   Dewey Decimal Classification       College of Business Education Main Library College of Business Education Main Library General Collection 03/12/2025 10000.00
03/12/2025   330.076 WAT 0000001794 30000.00 03/12/2025 Books   Dewey Decimal Classification       College of Business Education Main Library College of Business Education Main Library General Collection 03/12/2025 10000.00
03/12/2025   330.076 WAT 0000001795 30000.00 03/12/2025 Books   Dewey Decimal Classification       College of Business Education Main Library College of Business Education Main Library General Collection 03/12/2025 10000.00